MINECRAFT ALL villager jobs - Statistics

General Stats
  • This quiz has been taken 22 times
  • The average score is 10 of 13
Answer Stats
Hint Answer % Correct
guess Farmer
95%
dont Weaponsmith
90%
need Armorer
85%
Fletcher
85%
Butcher
80%
Fisherman
80%
Librarian
80%
hints Toolsmith
80%
Cartographer
70%
Cleric
60%
You Mason
60%
I Shepherd
60%
Leatherworker
50%
No matching quizzes found
Score Distribution
Percent of People with Each Score
Percentile by Number Answered
Your Score History
You have not taken this quiz